Il restauro del Sama'Khana dei Dervisci Mevlevi : mostra didattica /

محفوظ في:

مؤلف مشترك: Centro italo-egiziano per il restauro e l'archeologia

التنسيق: كتاب

اللغة: Italian

الموضوعات:

الوسوم: إضافة وسم

لا توجد وسوم, كن أول من يضع وسما على هذه التسجيلة!

رقم الطلب: ( P )NA6083 .R31 1988

LEADER 00930namaa2200253 4500
001 18036
003 OSt
005 20201118062833.0
008 130303s1988 ua a g 000 0 ita d
952 |0 0  |1 0  |2 lcc  |4 0  |7 1  |9 7716  |a ARCE  |b ARCE  |d 2020-11-18  |l 0  |o ( P )NA6083 .R31 1988  |p 1017973  |r 2020-11-18 00:00:00  |w 2020-11-18  |y BK 
999 |c 15828  |d 15828 
040 |c ARCE Library 
043 |a af-ua--- 
050 0 4 |a ( P )NA6083 .R31 1988 
110 2 |a Centro italo-egiziano per il restauro e l'archeologia, 
245 1 0 |a Il restauro del Sama'Khana dei Dervisci Mevlevi :  |b mostra didattica /  |c Centro italo-egiziano per il restauro e l'archeologia. 
264 1 |a Il Cairo :  |b [publisher not identified],  |c 1988. 
300 |a [47] pages :  |b illustrations ;  |c 28 cm. 
336 |a text  |b txt  |2 rdacontent 
337 |a unmediated  |b n  |2 rdamedia 
338 |a volume  |b nc  |2 rdacarrier 
650 0 |a Architecture  |z Egypt. 
901 |a reviewed 
942 |c BK  |2 lcc